000 01917cam a22005174i 4500
003 PE-LiUPU
005 20250731165513.0
008 150623s r 000 0 d
020 _a1841270520
035 _a(Sirsi) i9781841270524
040 _aPE-LiUPU
_bspa
_cPE-LiUPU
_erda
049 _aPRUA
082 0 4 _a221.077
_bFC
_221
100 1 _aBrenner, Athalya,
_eautor.
245 1 4 _aThe song of songs :
_ba feminist companion to the bible.
_n6 /
_cAthalya Brenner y Carole R. Fontaine.
264 1 _aSheffield, England :
_bSheffield Academic Press,
_c2000.
300 _a211 páginas ;
_c23 centímetros
336 _atext
_2rdacontent
337 _aunmediated
_2rdamedia
338 _avolume
_2rdacarrier
490 0 _aA Feminist Companion to the Bible [Second Series] ;
_v6
504 _aIncluye bibliografía.
505 0 _aFeminist appropriation of the song of songs? in general. -Specific readings: allegories and feminist readings. -The song of songs, personalized.
526 _aSEG44
526 _aSEG26
526 _aP151
526 _aP150
526 _aP149
526 _aP146
526 _aP145
526 _aP126
526 _aP125
526 _aP92
526 _aP75
526 _aP74
526 _aP27
526 _aP15
630 _aBiblia.
_pA.T.
_pCantares
_xEnsayos.
700 1 _aFontaine, Carole R,
_eautor.
942 _2ddc
_cBOOK
949 _aRC 221.077 FC 6
_wDEWEY
_c1
_i48839
_lCCODEBUL1
_mBUL
_r0
_sY
_tBOOK
_u2015-6-24
_xTEOLOGIA
_PP35
_0COMPRA
_o.CIRCNOTE. No olvidar cambiar la fecha de devolución!!!!!!!
_o.STAFF. Colección General
994 _aC0
_bPEPRU
596 _a1
999 _aRC 221.077 FC 6
_wDEWEY
_c28000
_i48839
_f2021-11-8
_g6
_lCCODEBUL1
_mBUL
_r1
_sY
_tBOOK
_u2015-6-24
_xTEOLOGIA
_PP35
_0COMPRA
_o.CIRCNOTE. No olvidar cambiar la fecha de devolución!!!!!!!
_o.STAFF. Colección General
_d28000
980 _81
_gALBERTO SANCHEZ Responsable de Automatización